教師が変われば子どもも変わる : 望ましいピグマリオン教育のポイント = Changing teachers change children: Desirable pygmalion education points

Salvato in:
Dettagli Bibliografici
Autore principale: Hamana, Yoshio Soto
Natura: Libro
Lingua:Undetermined
Pubblicazione: Japan 小森公明 1988
Soggetti:
Tags: Aggiungi Tag
Nessun Tag, puoi essere il primo ad aggiungerne! !
Thư viện lưu trữ: Trung tâm Học liệu Trường Đại học Cần Thơ
LEADER 00774nam a2200205Ia 4500
001 CTU_232252
008 210402s9999 xx 000 0 und d
082 |a 375 
082 |b H198 
100 |a Hamana, Yoshio Soto 
245 0 |a 教師が変われば子どもも変わる : 望ましいピグマリオン教育のポイント = 
245 0 |b Changing teachers change children: Desirable pygmalion education points 
245 0 |c By Yoshio Hamana, Chisato Ran, and Kazutaka Furushiro ( 浜名外喜男, 蘭千壽, 古城和敬著) 
260 |a Japan 
260 |b 小森公明 
260 |c 1988 
650 |a Giáo dục,Education 
650 |z Nhật Bản,Japan 
910 |a Tuyến 
980 |a Trung tâm Học liệu Trường Đại học Cần Thơ